[Event "Monsaraz Rapid op"]
[Site "Monsaraz"]
[Date "2023.11.25"]
[Round "6"]
[White "Ribeiro, Jose Miguel Saraiva"]
[Black "Bravo, Ricardo Antonio Rod"]
[Result "1-0"]
[WhiteElo "1985"]
[BlackElo "1433"]
[PlyCount "61"]
[EventDate "2023.11.25"]
[EventType "swiss (rapid)"]
[EventRounds "9"]
[EventCountry "POR"]
[SourceTitle "CB48_2023"]
[SourceDate "2023.11.29"]
[SourceVersion "1"]
[SourceVersionDate "2023.11.29"]
[SourceQuality "1"]

1. d4 d5 2. c4 e6 3. Nc3 Nf6 4. Bg5 Be7 5. cxd5 exd5 6. Qc2 c6 7. e3 0-0 8. Bd3 h6 9. Bh4 Be6 10. f3 Nbd7 11. Nge2 Re8 12. Bf2 Qc7 13. Rc1 Rac8 14. 0-0 Bd6 15. Ng3 c5 16. Nb5 Qb6 17. Nxd6 Qxd6 18. Qd2 Nb6 19. Nf5 Bxf5 20. Bxf5 Nc4 21. dxc5 Rxc5 22. Qd4 Rc6 23. Qxa7 b5 24. Qd4 g6 25. Bb1 Qe6 26. b3 Na3 27. Rxc6 Qxc6 28. Bd3 Nd7 29. Qb2 b4 30. Rc1 Qd6 31. Qd4 1-0

[Event "Lisbon Portugal op"]
[Site "Lisbon"]
[Date "2018.02.04"]
[Round "2"]
[White "Klasan, Vladimir"]
[Black "Ribeiro, Jose Miguel Saraiva"]
[Result "1-0"]
[WhiteElo "2381"]
[BlackElo "2064"]
[PlyCount "99"]
[EventDate "2018.02.03"]
[EventType "swiss"]
[EventRounds "9"]
[EventCountry "POR"]
[SourceTitle "CBM 182 Extra"]
[Source "ChessBase"]
[SourceDate "2018.02.23"]
[SourceVersion "1"]
[SourceVersionDate "2018.02.23"]
[SourceQuality "1"]

1. e4 e5 2. Nf3 Nc6 3. Bb5 a6 4. Ba4 Nf6 5. d3 b5 6. Bb3 h6 7. 0-0 d6 8. c3 Be7 9. d4 exd4 10. cxd4 Bg4 11. Be3 Na5 12. e5 dxe5 13. Bxf7+ Kf8 14. Bg6 e4 15. h3 exf3 16. hxg4 fxg2 17. Re1 Qd7 18. Bf5 Qd6 19. Nd2 h5 20. Qf3 Qh2+ 21. Kxh2 hxg4+ 22. Kxg2 gxf3+ 23. Nxf3 Nc4 24. Rh1 Rxh1 25. Rxh1 Nxe3+ 26. fxe3 Ng8 27. Rh8 g6 28. Bxg6 Kg7 29. Be4 Kxh8 30. Bxa8 c5 31. dxc5 Bxc5 32. e4 Ne7 33. Kg3 Kg7 34. Kf4 Kf6 35. e5+ Ke6 36. Ke4 a5 37. Bd5+ Kd7 38. Nd4 b4 39. Bb3 Bb6 40. Ba4+ Kc7 41. Ne6+ Kc8 42. Nf8 Bf2 43. Nd7 Kc7 44. Nf6 Kd8 45. Ne8 Bg3 46. Nd6 Ng6 47. Nc4 Bh2 48. Kf5 Nh4+ 49. Kf6 Bg1 50. Nxa5 1-0

[Event "Lisbon Portugal op"]
[Site "Lisbon"]
[Date "2018.02.04"]
[Round "4"]
[White "Silva, David Miguel Da"]
[Black "Ribeiro, Jose Miguel Saraiva"]
[Result "1/2-1/2"]
[WhiteElo "2283"]
[BlackElo "2064"]
[PlyCount "52"]
[EventDate "2018.02.03"]
[EventType "swiss"]
[EventRounds "9"]
[EventCountry "POR"]
[SourceTitle "EXT 2019"]
[Source "ChessBase"]
[SourceDate "2018.10.10"]
[SourceVersion "1"]
[SourceVersionDate "2018.10.10"]
[SourceQuality "1"]

1. e4 e6 2. d4 d5 3. Nc3 Bb4 4. e5 c5 5. a3 Ba5 6. b4 cxd4 7. Nb5 Bc7 8. Nf3 Nc6 9. Bf4 Nge7 10. h4 a6 11. Nxc7+ Qxc7 12. h5 f6 13. h6 g6 14. Bd3 Nxe5 15. Nxe5 fxe5 16. Bh2 Qc3+ 17. Kf1 e4 18. Be2 0-0 19. Be5 Nc6 20. Bg7 Rf7 21. Rh3 e3 22. Rf3 Rxf3 23. Bxf3 exf2 24. Kxf2 Qe3+ 25. Kf1 Ne5 26. Qe2 Qxe2+ 1/2-1/2

[Event "Coimbra Queima das Fitas op"]
[Site "Coimbra"]
[Date "2016.04.24"]
[Round "4"]
[White "Silva, Mariana Sofia Teixe"]
[Black "Ribeiro, Jose Miguel Saraiva"]
[Result "1-0"]
[WhiteElo "1784"]
[BlackElo "2144"]
[PlyCount "103"]
[EventDate "2016.04.22"]
[EventType "swiss"]
[EventRounds "7"]
[EventCountry "POR"]
[SourceTitle "CBM 172 Extra"]
[Source "ChessBase"]
[SourceDate "2016.06.21"]
[SourceVersion "1"]
[SourceVersionDate "2016.06.21"]
[SourceQuality "1"]

1. e4 e6 2. d4 d5 3. Nd2 Nf6 4. e5 Nfd7 5. Bd3 c5 6. c3 Nc6 7. Ngf3 cxd4 8. cxd4 f5 9. exf6 Qxf6 10. Qe2 Bd6 11. 0-0 0-0 12. Nb3 h6 13. Bd2 Re8 14. Bc3 e5 15. dxe5 Ndxe5 16. Nxe5 Bxe5 17. Qh5 Be6 18. Nc5 Bf7 19. Qf5 Qxf5 20. Bxf5 d4 21. Bd2 Bxh2+ 22. Kxh2 Re5 23. Nxb7 Rxf5 24. Nd6 Rh5+ 25. Kg1 Bd5 26. Rfe1 Rd8 27. Ne4 Bxe4 28. Rxe4 Rc5 29. Rc1 Rdd5 30. Ree1 Kf7 31. Kf1 Ne5 32. b4 Rxc1 33. Rxc1 Rd7 34. a4 Ke6 35. f3 g5 36. Ke2 Rd6 37. b5 Rd7 38. Bb4 h5 39. Rc8 Ng6 40. Rc6+ Kf7 41. g3 h4 42. gxh4 gxh4 43. Bd6 h3 44. Rc7 Rxc7 45. Bxc7 Ke6 46. Bg3 Kd5 47. f4 Ke4 48. a5 d3+ 49. Kd2 Nh4 50. b6 Nf3+ 51. Kd1 axb6 52. a6 1-0

[Event "POR Cup 36th"]
[Site "Vila Nova de Gaia"]
[Date "2014.06.21"]
[Round "1.4"]
[White "Ribeiro, Jose Miguel Saraiva"]
[Black "Senlle Caride, Miguel"]
[Result "1/2-1/2"]
[WhiteElo "2119"]
[BlackElo "2339"]
[PlyCount "48"]
[EventDate "2014.06.21"]
[EventType "team-k.o."]
[EventRounds "2"]
[EventCountry "POR"]
[SourceTitle "CBM 160 Extra"]
[Source "ChessBase"]
[SourceDate "2014.07.01"]
[SourceVersion "1"]
[SourceVersionDate "2014.07.01"]
[SourceQuality "1"]
[WhiteTeam "Sporting Clube Portugal"]
[BlackTeam "Gaia"]
[WhiteTeamCountry "POR"]
[BlackTeamCountry "POR"]

1. d4 Nf6 2. c4 e6 3. Nc3 d5 4. cxd5 exd5 5. Bg5 Be7 6. Qc2 0-0 7. e3 Nbd7 8. Bd3 c5 9. Nge2 c4 10. Bf5 Nb6 11. Bxf6 Bxf5 12. Qxf5 Bxf6 13. Qf3 Qd7 14. Nf4 Rad8 15. h4 Be7 16. Rh3 Na4 17. Ncxd5 Nxb2 18. Kf1 Nd3 19. Nxe7+ Qxe7 20. Nxd3 cxd3 21. Qf5 Qa3 22. Rg3 g6 23. Rd1 Qxa2 24. Qxd3 Rd6 1/2-1/2

[Event "Sintra Honra"]
[Site "Sintra"]
[Date "2013.06.15"]
[Round "8"]
[White "Morais, Vitor Mestre"]
[Black "Ribeiro, Jose Miguel Saraiva"]
[Result "1/2-1/2"]
[WhiteElo "1992"]
[BlackElo "2103"]
[PlyCount "70"]
[EventDate "2013.06.08"]
[EventType "tourn"]
[EventRounds "9"]
[EventCountry "POR"]
[SourceTitle "CBM 154 Extra"]
[Source "ChessBase"]
[SourceDate "2013.06.25"]
[SourceVersion "2"]
[SourceVersionDate "2013.06.25"]
[SourceQuality "1"]

1. Nc3 d5 2. e4 dxe4 3. Nxe4 e6 4. Bc4 Nd7 5. d3 Ngf6 6. Ng5 Nb6 7. Bb3 h6 8. N5f3 Bd7 9. Ne5 Bd6 10. Ngf3 Qe7 11. Qe2 Ba4 12. Bd2 Bxb3 13. axb3 Nbd5 14. 0-0-0 a5 15. c4 Nb4 16. d4 c5 17. Kb1 cxd4 18. Nxd4 0-0 19. Bc3 a4 20. bxa4 Rxa4 21. Nb5 Rfa8 22. Bxb4 Bxb4 23. f4 Qc5 24. Rhf1 Qb6 25. Qd3 Ra1+ 26. Kc2 Rxd1 27. Rxd1 Qf2+ 28. Kb3 Be7 29. Qf3 Qb6 30. g4 Qa5 31. Kc2 Qa4+ 32. Qb3 Qxb3+ 33. Kxb3 Ne4 34. Kc2 Nc5 35. Nd7 Ne4 1/2-1/2

[Event "Sintra Honra"]
[Site "Sintra"]
[Date "2013.06.14"]
[Round "7"]
[White "Ribeiro, Jose Miguel Saraiva"]
[Black "Preto, Daniel Filipe Rodri"]
[Result "1/2-1/2"]
[WhiteElo "2103"]
[BlackElo "2020"]
[PlyCount "27"]
[EventDate "2013.06.08"]
[EventType "tourn"]
[EventRounds "9"]
[EventCountry "POR"]
[SourceTitle "CBM 154 Extra"]
[Source "ChessBase"]
[SourceDate "2013.06.25"]
[SourceVersion "2"]
[SourceVersionDate "2013.06.25"]
[SourceQuality "1"]

1. e4 e6 2. d4 d5 3. exd5 exd5 4. Bd3 Bd6 5. Ne2 Ne7 6. Bf4 Bf5 7. 0-0 0-0 8. Bxf5 Nxf5 9. Qd3 Ne7 10. Bxd6 Qxd6 11. Nd2 Nd7 12. Qg3 Qxg3 13. Nxg3 Ng6 14. Rfe1 1/2-1/2

[Event "Sintra Honra"]
[Site "Sintra"]
[Date "2013.06.13"]
[Round "5"]
[White "Ribeiro, Jose Miguel Saraiva"]
[Black "Lavrador, Rodolfo Manuel"]
[Result "1-0"]
[WhiteElo "2103"]
[BlackElo "2006"]
[PlyCount "71"]
[EventDate "2013.06.08"]
[EventType "tourn"]
[EventRounds "9"]
[EventCountry "POR"]
[SourceTitle "CBM 154 Extra"]
[Source "ChessBase"]
[SourceDate "2013.06.25"]
[SourceVersion "2"]
[SourceVersionDate "2013.06.25"]
[SourceQuality "1"]

1. d4 e6 2. Nf3 d5 3. Bf4 Nf6 4. e3 Be7 5. h3 Nbd7 6. Nbd2 0-0 7. Be2 b6 8. 0-0 Bb7 9. c4 c5 10. Bg3 Rc8 11. Rc1 Re8 12. cxd5 Bxd5 13. Ba6 Ra8 14. Qe2 Nh5 15. Bh2 f5 16. dxc5 Bxc5 17. Nb3 Nhf6 18. Nxc5 Nxc5 19. Bb5 Rf8 20. b4 Nce4 21. Nd4 Rc8 22. Ba6 Rxc1 23. Rxc1 Qe8 24. f3 Ng5 25. Bd6 Qg6 26. Bxf8 Nxh3+ 27. Kf1 Nh5 28. Bd6 Ng3+ 29. Bxg3 Qxg3 30. gxh3 Qxh3+ 31. Qg2 Qh6 32. Rc8+ Kf7 33. Rc7+ Kf6 34. Kf2 e5 35. Nc2 g6 36. Bc4 1-0

[Event "Sintra Honra"]
[Site "Sintra"]
[Date "2013.06.08"]
[Round "1"]
[White "Reis Luis, Simoes"]
[Black "Ribeiro, Jose Miguel Saraiva"]
[Result "1/2-1/2"]
[WhiteElo "2008"]
[BlackElo "2103"]
[PlyCount "47"]
[EventDate "2013.06.08"]
[EventType "tourn"]
[EventRounds "9"]
[EventCountry "POR"]
[SourceTitle "CBM 154 Extra"]
[Source "ChessBase"]
[SourceDate "2013.06.25"]
[SourceVersion "2"]
[SourceVersionDate "2013.06.25"]
[SourceQuality "1"]

1. e4 c5 2. Nf3 e6 3. d4 cxd4 4. c3 d5 5. Bb5+ Bd7 6. Bxd7+ Qxd7 7. exd5 Qxd5 8. cxd4 Bb4+ 9. Nc3 Nc6 10. 0-0 Bxc3 11. bxc3 Nge7 12. Qb3 Na5 13. Qa4+ Nec6 14. Rb1 0-0 15. Rb5 Qd8 16. Ba3 a6 17. Rxb7 Nxb7 18. Bxf8 Nxd4 19. cxd4 Qxf8 20. Rc1 Qd8 21. Qc6 Nd6 22. Qc7 Qxc7 23. Rxc7 Rc8 24. Rxc8+ 1/2-1/2

[Event "Navalmoral op 18th"]
[Site "Navalmoral"]
[Date "2012.12.09"]
[Round "9"]
[White "Perez Candelario, Manuel"]
[Black "Ribeiro, Jose Miguel Saraiva"]
[Result "1-0"]
[WhiteElo "2568"]
[BlackElo "2085"]
[PlyCount "73"]
[EventDate "2012.12.05"]
[EventType "swiss"]
[EventRounds "9"]
[EventCountry "ESP"]
[SourceTitle "CBM 151 Extra"]
[Source "ChessBase"]
[SourceDate "2012.12.18"]
[SourceVersion "1"]
[SourceVersionDate "2012.12.18"]
[SourceQuality "1"]

1. e4 c5 2. Ne2 e6 3. d4 cxd4 4. Nxd4 Qb6 5. Nb3 Qc7 6. Bd3 Nf6 7. 0-0 d6 8. c4 Be7 9. Nc3 a6 10. f4 Nbd7 11. Be3 h5 12. Be2 Ng4 13. Bxg4 hxg4 14. Qxg4 Nf6 15. Qe2 Bd7 16. Rac1 Rh4 17. h3 Bc6 18. Nd2 Qa5 19. a3 Qh5 20. Qxh5 Rxh5 21. b4 b5 22. c5 dxc5 23. e5 Nd7 24. bxc5 g5 25. Nce4 gxf4 26. Bxf4 0-0-0 27. Nd6+ Kb8 28. Nf3 Rg8 29. Rc2 Rxh3 30. Nd4 Bd5 31. c6 Rc3 32. Rxc3 Rxg2+ 33. Kh1 Rf2+ 34. Nf3 Rxf3 35. c7+ Ka7 36. Rcxf3 Bxf3+ 37. Rxf3 1-0

[Event "POR-ch qual"]
[Site "Amadora"]
[Date "2011.09.11"]
[Round "9"]
[White "Morais, Vitor Mestre"]
[Black "Ribeiro, Jose Miguel Saraiva"]
[Result "1-0"]
[WhiteElo "1989"]
[BlackElo "2112"]
[PlyCount "105"]
[EventDate "2011.09.03"]
[EventType "swiss"]
[EventRounds "9"]
[EventCountry "POR"]
[SourceTitle "CBM 144 Extra"]
[Source "ChessBase"]
[SourceDate "2011.10.28"]
[SourceVersion "1"]
[SourceVersionDate "2011.10.28"]
[SourceQuality "1"]

1. e4 c5 2. c3 e6 3. d4 cxd4 4. cxd4 d5 5. e5 Nc6 6. Nf3 Qb6 7. a3 Bd7 8. Nc3 Rc8 9. Na4 Qc7 10. b4 Nge7 11. Bb2 Ng6 12. Rc1 a6 13. Nc5 Bxc5 14. Rxc5 Qb6 15. Qd2 0-0 16. Bd3 f5 17. 0-0 Na7 18. Rfc1 Rxc5 19. Rxc5 Rc8 20. h4 Bb5 21. h5 Nf8 22. Bxb5 Rxc5 23. dxc5 Qxb5 24. Nd4 Qe8 25. h6 gxh6 26. Qxh6 Qg6 27. Qxg6+ hxg6 28. f4 Kf7 29. Kf2 Nh7 30. Ke3 g5 31. g3 gxf4+ 32. gxf4 Nf8 33. a4 Nd7 34. Ba3 Nc6 35. b5 Nxd4 36. Kxd4 axb5 37. axb5 Nb8 38. c6 bxc6 39. Bd6 Nd7 40. bxc6 Nb6 41. Kc5 Nc8 42. c7 Ke8 43. Kc6 d4 44. Bb4 d3 45. Ba5 Ke7 46. Kb7 Kd7 47. Bb4 Na7 48. Kxa7 Kxc7 49. Ka6 Kc6 50. Ka5 Kd5 51. Kb5 Ke4 52. Bd2 Kf3 53. Kc4 1-0

[Event "Extremadura-chT Honor"]
[Site "Merida"]
[Date "2010.05.02"]
[Round "4"]
[White "Sanchez Marcos, Andres"]
[Black "Ribeiro, Jose Miguel Saraiva"]
[Result "0-1"]
[WhiteElo "1852"]
[BlackElo "2138"]
[PlyCount "76"]
[EventDate "2010.03.06"]
[EventType "team"]
[EventRounds "9"]
[EventCountry "ESP"]
[SourceTitle "EXT 2014"]
[Source "ChessBase"]
[SourceDate "2013.11.20"]
[SourceVersion "1"]
[SourceVersionDate "2013.11.20"]
[SourceQuality "1"]

1. e4 c5 2. Nc3 e6 3. Nf3 Nc6 4. Bb5 Nge7 5. 0-0 d6 6. d4 cxd4 7. Nxd4 a6 8. Nxc6 Nxc6 9. Be2 b5 10. Be3 Bb7 11. f4 Be7 12. Bf3 Bf6 13. a3 Na5 14. Rb1 Nc4 15. Bc1 Nxa3 16. bxa3 Bxc3 17. Rb3 Qc7 18. Qd3 Bf6 19. e5 dxe5 20. Rc3 Qd7 21. Bxb7 Qxb7 22. Qd6 Rd8 23. Qc6+ Qxc6 24. Rxc6 exf4 25. Rxa6 Bd4+ 26. Kh1 e5 27. Bd2 0-0 28. Bb4 Rfe8 29. c3 Be3 30. g3 g5 31. Kg2 g4 32. gxf4 exf4 33. Rd6 Rxd6 34. Bxd6 f3+ 35. Kg3 f5 36. h3 Re6 37. Bb8 h5 38. Rb1 h4+ 0-1

[Event "Lisbon National-B"]
[Site "Lisbon"]
[Date "2008.??.??"]
[Round "5"]
[White "Marques, Rui Filipe Pereira"]
[Black "Ribeiro, Jose Miguel Saraiva"]
[Result "1/2-1/2"]
[WhiteElo "2155"]
[BlackElo "2156"]
[PlyCount "50"]
[EventDate "2008.06.26"]
[EventType "tourn"]
[EventRounds "9"]
[EventCountry "POR"]
[SourceTitle "EXT 2011"]
[Source "ChessBase"]
[SourceDate "2010.11.26"]
[SourceVersion "1"]
[SourceVersionDate "2010.11.26"]
[SourceQuality "1"]

1. e4 c5 2. Nf3 Nc6 3. Bb5 d6 4. 0-0 e5 5. c3 Bg4 6. d4 Qb6 7. Bxc6+ Qxc6 8. Nxe5 dxe5 9. Qxg4 Nf6 10. Qf3 cxd4 11. cxd4 exd4 12. Bf4 Be7 13. Nd2 Rc8 14. Rac1 Qxc1 15. Rxc1 Rxc1+ 16. Nf1 Rc5 17. e5 Nd5 18. b4 Nxb4 19. Qxb7 Nc6 20. Qa8+ Bd8 21. e6 0-0 22. Bd6 Be7 23. exf7+ Kxf7 24. Qb7 Rc3 25. Qd7 Rd8 1/2-1/2

[Event "Lisbon National-B"]
[Site "Lisbon"]
[Date "2008.??.??"]
[Round "4"]
[White "Ribeiro, Jose Miguel Saraiva"]
[Black "Aguiar, Carlos Alberto Bran"]
[Result "1-0"]
[WhiteElo "2156"]
[BlackElo "2021"]
[PlyCount "85"]
[EventDate "2008.06.26"]
[EventType "tourn"]
[EventRounds "9"]
[EventCountry "POR"]
[SourceTitle "EXT 2011"]
[Source "ChessBase"]
[SourceDate "2010.11.26"]
[SourceVersion "1"]
[SourceVersionDate "2010.11.26"]
[SourceQuality "1"]

1. d4 Nf6 2. Bg5 e6 3. Nf3 Be7 4. e3 h6 5. Bf4 c5 6. c3 a6 7. Nbd2 d5 8. Bd3 Nc6 9. h3 Bd7 10. 0-0 0-0 11. Qe2 Re8 12. Ne5 cxd4 13. exd4 Nxe5 14. Bxe5 Bc6 15. Rae1 Qb6 16. Rb1 Bb5 17. Bxb5 axb5 18. a3 Nd7 19. Rbe1 Nxe5 20. Qxe5 Bf6 21. Qh5 Qd6 22. f4 Kh7 23. Qxf7 Re7 24. Qh5 g6 25. Qe2 Bh4 26. Qe5 Qd7 27. Re2 Rf8 28. Qe3 Rff7 29. Nf3 Bf6 30. Ref2 Qd6 31. Ne5 Rg7 32. Qd3 Bxe5 33. fxe5 Qd7 34. Rf6 Ref7 35. Rxf7 Rxf7 36. Rxf7+ Qxf7 37. Qxb5 h5 38. Qf1 Qg7 39. Qf4 b5 40. h4 Qa7 41. Kh2 Qa4 42. Qf7+ Kh6 43. Qg8 1-0

[Event "Lisbon National-B"]
[Site "Lisbon"]
[Date "2008.??.??"]
[Round "8"]
[White "Ribeiro, Jose Miguel Saraiva"]
[Black "Santos, Micael Costa"]
[Result "0-1"]
[WhiteElo "2156"]
[BlackElo "2026"]
[PlyCount "70"]
[EventDate "2008.06.26"]
[EventType "tourn"]
[EventRounds "9"]
[EventCountry "POR"]
[SourceTitle "EXT 2011"]
[Source "ChessBase"]
[SourceDate "2010.11.26"]
[SourceVersion "1"]
[SourceVersionDate "2010.11.26"]
[SourceQuality "1"]

1. d4 Nf6 2. c4 c5 3. d5 b5 4. cxb5 a6 5. bxa6 g6 6. Nc3 Bxa6 7. g3 Bg7 8. Bg2 d6 9. Nf3 0-0 10. 0-0 Nbd7 11. Re1 Ra7 12. h3 Qa8 13. e4 Rb8 14. e5 Ne8 15. e6 Ne5 16. Nxe5 Bxe5 17. exf7+ Kxf7 18. Kh2 Bg7 19. Qc2 Bc4 20. Qe4 Bd4 21. Bh6 Ng7 22. Rad1 Bxc3 23. bxc3 Bxa2 24. Rd3 Kg8 25. Bxg7 Kxg7 26. Rde3 Rf8 27. Qh4 e5 28. dxe6 Rxf2 29. Re4 Bd5 30. R1e2 Rxg2+ 31. Kxg2 Bxe4+ 32. Rxe4 Qd5 33. Kf3 g5 34. Qh5 Qf5+ 35. Ke3 d5 0-1

[Event "Lisbon National-B"]
[Site "Lisbon"]
[Date "2008.??.??"]
[Round "3"]
[White "Vasques, Antonio Pedro Freix"]
[Black "Ribeiro, Jose Miguel Saraiva"]
[Result "0-1"]
[WhiteElo "1856"]
[BlackElo "2156"]
[PlyCount "80"]
[EventDate "2008.06.26"]
[EventType "tourn"]
[EventRounds "9"]
[EventCountry "POR"]
[SourceTitle "EXT 2011"]
[Source "ChessBase"]
[SourceDate "2010.11.26"]
[SourceVersion "1"]
[SourceVersionDate "2010.11.26"]
[SourceQuality "1"]

1. e4 c6 2. d4 d5 3. Nc3 dxe4 4. Nxe4 Nf6 5. Nxf6+ gxf6 6. Nf3 Bg4 7. Be2 e6 8. Bf4 Qb6 9. Rb1 Na6 10. a3 Rd8 11. Be3 Nc7 12. c4 Bxf3 13. Bxf3 Bc5 14. Qc1 Bxd4 15. c5 Qb5 16. Be2 Qa4 17. Bd2 b5 18. cxb6 axb6 19. b3 Qa8 20. Bf3 Nd5 21. 0-0 0-0 22. Bh6 Rfe8 23. Bxd5 Rxd5 24. Qf4 Kh8 25. Rbd1 Qd8 26. Qg4 Rg8 27. Qh4 f5 28. Qh3 Rg6 29. Rc1 c5 30. Be3 Qf6 31. Qf3 Bxe3 32. Qxe3 f4 33. Qf3 Rdg5 34. g3 Rf5 35. Qc6 fxg3 36. fxg3 Qd4+ 37. Kh1 Rgf6 38. Rxf5 Rxf5 39. Rc4 Qd1+ 40. Kg2 Qf1# 0-1

[Event "Figueira da Foz op 4th"]
[Site "Figueira da Foz"]
[Date "2007.10.31"]
[Round "4"]
[White "Frois, Antonio"]
[Black "Ribeiro, Jose Miguel Saraiva"]
[Result "1-0"]
[WhiteElo "2354"]
[BlackElo "2160"]
[PlyCount "75"]
[EventDate "2007.10.28"]
[EventType "swiss"]
[EventRounds "9"]
[EventCountry "POR"]
[SourceTitle "EXT 2008"]
[Source "ChessBase"]
[SourceDate "2007.11.25"]
[SourceVersion "1"]
[SourceVersionDate "2007.11.25"]
[SourceQuality "1"]

1. Nf3 e6 2. c4 Nf6 3. g3 b6 4. Bg2 Bb7 5. 0-0 Be7 6. Nc3 0-0 7. d4 d5 8. cxd5 Nxd5 9. Qc2 Nxc3 10. bxc3 Nd7 11. Ng5 Bxg5 12. Bxb7 Rb8 13. Bc6 Bxc1 14. Raxc1 Nf6 15. Qa4 Qd6 16. Bg2 a5 17. e4 Qd7 18. Qc2 Rfd8 19. Rfd1 Qe8 20. e5 Nd5 21. c4 Nb4 22. Qb2 c6 23. a3 Na6 24. d5 cxd5 25. cxd5 exd5 26. Bxd5 Nc5 27. f4 Qe7 28. Qc3 h6 29. f5 Qg5 30. Qf3 Re8 31. h4 Qe7 32. Re1 Qf8 33. Kg2 Kh8 34. f6 Nd7 35. Qf5 Rbd8 36. Rc7 g6 37. Qf4 Kh7 38. h5 1-0

[Event "Evora Carpintero Memorial 1st"]
[Site "Evora"]
[Date "2006.10.29"]
[Round "5"]
[White "Mendes, Rui Oscar"]
[Black "Ribeiro, Jose Miguel Saraiva"]
[Result "1/2-1/2"]
[WhiteElo "1990"]
[BlackElo "2103"]
[PlyCount "84"]
[EventDate "2006.10.27"]
[EventType "swiss"]
[EventRounds "5"]
[EventCountry "POR"]
[SourceTitle "CBM 115 Extra"]
[Source "ChessBase"]
[SourceDate "2007.01.10"]
[SourceVersion "1"]
[SourceVersionDate "2007.01.10"]
[SourceQuality "1"]

1. d4 d5 2. Nf3 c6 3. e3 Bg4 4. Be2 Bxf3 5. Bxf3 Nf6 6. Nd2 e6 7. 0-0 Nbd7 8. e4 dxe4 9. Nxe4 Qc7 10. Re1 0-0-0 11. Qe2 Nxe4 12. Bxe4 Bd6 13. h3 Bh2+ 14. Kh1 Bf4 15. c3 Nf6 16. Qf3 Bxc1 17. Rexc1 Rhe8 18. Re1 e5 19. Rad1 exd4 20. Bf5+ Kb8 21. Rxe8 Rxe8 22. cxd4 Qd6 23. Bc2 Re7 24. g3 Qd5 25. Qxd5 Nxd5 26. Rd2 Kc7 27. Kg2 Kd6 28. a3 Re1 29. h4 h6 30. Kf3 f6 31. Re2 Rxe2 32. Kxe2 Ke6 33. Bb3 Kf5 34. Bxd5 cxd5 35. f3 h5 36. Kf2 g5 37. Ke3 b6 38. a4 a6 39. b4 b5 40. a5 Kg6 41. f4 Kf5 42. Kf3 gxh4 1/2-1/2